| 000 | 01349nam0a2200361 4500 | ||
|---|---|---|---|
| 001 | RU\NLR\BIBL_A\022309106 | ||
| 005 | 20260420013918.0 | ||
| 010 | _a978-5-6051202-5-4 | ||
| 021 |
_aRU _bКН-П-24-041246 _9КН-П-24-4083 |
||
| 035 | _a(NLR Aleph) 022309106 | ||
| 090 |
_a13663938 _c13663938 |
||
| 100 | _a20240828d2023 c y0rusy50 ca | ||
| 101 | 0 | _arus | |
| 102 | _aRU | ||
| 105 | _aa|||z|||000zy | ||
| 181 | 0 |
_ai2 _baxxe |
|
| 181 | 0 |
_ab2 _bbb2e |
|
| 182 | 0 | _an | |
| 200 | 1 |
_aТело человека _fЕвгений Клефин _gхудожник: Павел Павлов |
|
| 203 |
_aТекст _aИзображение _bвизуальные _cнепосредственные |
||
| 210 |
_a[Санкт-Петербург] _cГениариум _d2023 |
||
| 215 |
_a[17] с. _cцв. ил. _d28 |
||
| 300 | _aНа обл. авт. не указан | ||
| 333 | _a7+ | ||
| 606 | 1 |
_aЧеловек _jИздания для детей _xАнатомия _92080069 _3RU\NLR\AUTH\661255980 |
|
| 686 | 0 |
_aШ9 _bР |
|
| 700 | 1 |
_aКлефин _bЕ. _gЕвгений |
|
| 702 | 1 |
_4040 _7ca _8rus _aПавлов _bП. _cхудожник _gПавел _9231215 _3RU\NLR\AUTH\770231271 |
|
| 942 | _cBOOK | ||
| 980 | _aNB | ||